000 00620nam a2200241Ia 4500
003 OSt
005 20220918201134.0
006 a|||||r|||| 00| 0
007 ta
008 220917b |||||||| |||| 00| 0 eng d
024 _a91,935
037 _cTextual
040 _aARTS
_cARTS
_beng
041 _2eng
_aeng
082 _aU8.7341.J5, K6
100 _aDe Gomara F L
_997034
245 0 _aConquest of the West India
260 _aA Arbor
_bUniv Micro
_c1966
300 _a405p.
_ccm.
650 _aGEOGRAPHY
942 _hU8.7341.J5, K6
_cTEXL
_2CC
999 _c215589
_d215589